00620nai a2200169Ia 4500003000900000008004100009022002200050022002300072040001600095245006700111260001300178310001400191362002600205521006900231650005700300856009300357IN-BaIIA211028c9999 xx s 000 0 eng d a2096-1081 (Print) a2509-3312 (Online) cIIA Library 0aJournal of Communications and Information Networksh[eJournal] aUSAbPTP aQuarterly a1(1); 2016 - Present  bSubscribed through National Knowledge Resource Consortium (NKRC) aCommunication, Networking and Broadcast Technologies uhttps://ieeexplore.ieee.org/servlet/opac?punumber=8892389yClick Here to Access eJournal